00860 2200205 4500001002100000005001500021035002000036007000300056008004100059020001800100082001200118084001800130100002400148245005500172250001100227260003500238300002100273520034400294990001600638INLIS00000000000012620260520111446 a0010-0526000014ta260520 b 0 ind  a9786020759265 a297.648 a297.648 BUN i0 aBunda Ary Indriyani1 aIsra Mi'raj dan Janji Setia /cBunda Ary Indriyani aCet. I aBandung :bCordoba Kids,cs.a. a21 hlm. :bIlus. aBuku anak Isra Mi'raj dan Janji Setia menceritakan perjalanan Isra Mi’raj Nabi Muhammad SAW serta peristiwa baiat atau janji setia umat Islam dalam mendukung dakwah Rasulullah. Dengan bahasa sederhana dan menarik untuk anak, buku ini mengajarkan nilai keimanan, ketaatan beribadah, kesetiaan, dan semangat dalam menjalankan ajaran Islam. a00000000145